[Event "RUS-Cup (1st stage)"]
[Site "Tomsk RUS"]
[Date "2003.07.04"]
[Round "1"]
[White "Sambuev, Bator"]
[Black "Keosidi, Konstantin"]
[Result "1-0"]
[WhiteElo "2496"]
[BlackElo "2219"]
[PlyCount "41"]
[EventDate "2003.07.04"]
[EventType "swiss"]
[EventRounds "9"]
[EventCountry "RUS"]
[Source "Mark Crowther"]
[SourceDate "2003.08.18"]

1. Nf3 Nf6 2. c4 c6 3. e3 d5 4. Qc2 e6 5. b3 Be7 6. Bb2 O-O 7. g4 c5 8. g5 Ne4
9. h4 Nc6 10. Nc3 Nb4 11. Qb1 b6 12. a3 Nxc3 13. Bxc3 Nc6 14. Bd3 g6 15. h5 d4
16. hxg6 dxc3 17. gxf7+ Rxf7 18. Bxh7+ Kf8 19. Be4 cxd2+ 20. Nxd2 Rg7 21. Bxc6
1-0

[Event "RUS-Cup (1st stage)"]
[Site "Tomsk RUS"]
[Date "2003.07.05"]
[Round "2"]
[White "Shmakov, DN."]
[Black "Sambuev, Bator"]
[Result "0-1"]
[WhiteElo "2375"]
[BlackElo "2496"]
[PlyCount "76"]
[EventDate "2003.07.04"]
[EventType "swiss"]
[EventRounds "9"]
[EventCountry "RUS"]
[Source "Mark Crowther"]
[SourceDate "2003.08.18"]

1. e4 e6 2. d4 d5 3. Nc3 Bb4 4. exd5 exd5 5. Bd3 Nc6 6. a3 Bxc3+ 7. bxc3 Nge7
8. Qh5 Be6 9. Ne2 Qd7 10. O-O O-O-O 11. Ng3 f6 12. Re1 Bg4 13. Qf7 h5 14. f3
Rdf8 15. Qxg7 Rhg8 16. Qh6 Bxf3 17. gxf3 Qh3 18. Kh1 h4 19. Bf1 Qd7 20. Qxh4
Rh8 21. Qf4 f5 22. Re2 Ng6 23. Qg5 Nh4 24. Rf2 Qh7 25. Bd3 Ne7 26. Bf4 Kb8 27.
Raf1 a6 28. Re2 Neg6 29. Be5 Rhg8 30. Qh5 Qd7 31. f4 Rf7 32. Qg5 Ka7 33. Nh5
Qc6 34. Nf6 Rgf8 35. Nh5 Qxc3 36. Ng7 Rg8 37. Nxf5 Nxf5 38. Bxf5 Ne7 0-1

[Event "RUS-Cup (1st stage)"]
[Site "Tomsk RUS"]
[Date "2003.07.07"]
[Round "4"]
[White "Belozerov, Andrei"]
[Black "Sambuev, Bator"]
[Result "1-0"]
[WhiteElo "2541"]
[BlackElo "2496"]
[PlyCount "65"]
[EventDate "2003.07.04"]
[EventType "swiss"]
[EventRounds "9"]
[EventCountry "RUS"]
[Source "Mark Crowther"]
[SourceDate "2003.08.18"]

1. d4 d5 2. c4 c6 3. Nc3 Nf6 4. e3 a6 5. Qc2 e6 6. Nf3 Nbd7 7. b3 c5 8. cxd5
exd5 9. Be2 b5 10. Nxd5 Bb7 11. Nxf6+ Qxf6 12. Bb2 cxd4 13. Bxd4 Bb4+ 14. Kf1
Qe6 15. Ng5 Qe7 16. Qf5 f6 17. Bf3 Bxf3 18. Nxf3 O-O 19. Rc1 Rfd8 20. Ke2 Nf8
21. Rhd1 Ne6 22. Rc6 Nxd4+ 23. Rxd4 Kh8 24. Rh4 h6 25. Re6 Qf8 26. Rd4 Bc3 27.
Rxd8 Qxd8 28. Qe4 a5 29. Rd6 Qxd6 30. Qxa8+ Kh7 31. Qe4+ Kh8 32. Qe8+ Kh7 33.
Qxb5 1-0

[Event "RUS-Cup (1st stage)"]
[Site "Tomsk RUS"]
[Date "2003.07.08"]
[Round "5"]
[White "Sambuev, Bator"]
[Black "Lependin, Anatolij"]
[Result "1/2-1/2"]
[WhiteElo "2496"]
[BlackElo "2393"]
[PlyCount "99"]
[EventDate "2003.07.04"]
[EventType "swiss"]
[EventRounds "9"]
[EventCountry "RUS"]
[Source "Mark Crowther"]
[SourceDate "2003.08.18"]

1. d4 Nf6 2. c4 c5 3. d5 b5 4. cxb5 a6 5. bxa6 Bxa6 6. Nc3 g6 7. e4 Bxf1 8.
Kxf1 d6 9. Nf3 Bg7 10. h3 Nbd7 11. Kg1 Qa5 12. Kh2 O-O 13. Re1 Nb6 14. Re2 Nc4
15. Nd2 Qb5 16. Nxc4 Qxc4 17. Bg5 Rfb8 18. Rc1 h6 19. Bxf6 Bxf6 20. b3 Qd4 21.
f4 Qxd1 22. Nxd1 Bd4 23. Rcc2 Rb4 24. Ne3 Bxe3 25. Rxe3 Ra3 26. Rce2 Rd4 27.
Kg3 Rd1 28. Rc3 Kf8 29. Kf3 f5 30. exf5 gxf5 31. Rce3 Ra7 32. Re6 Rxd5 33. Rxh6
Rd3+ 34. Kf2 Rd4 35. Kg3 Re4 36. Rf2 Kg7 37. Rh5 Kg6 38. Rg5+ Kf6 39. Rg8 c4
40. bxc4 Rxc4 41. Rf8+ Kg6 42. Rf3 Rca4 43. Kh4 Ra3 44. Rb3 Rxb3 45. axb3 Rb7
46. Rg8+ Kf6 47. Rg3 e5 48. Rd3 exf4 49. Rxd6+ Ke5 50. Rg6 1/2-1/2

[Event "RUS-Cup (1st stage)"]
[Site "Tomsk RUS"]
[Date "2003.07.09"]
[Round "6"]
[White "Gajsin, Evgenij"]
[Black "Sambuev, Bator"]
[Result "0-1"]
[WhiteElo "2389"]
[BlackElo "2496"]
[PlyCount "72"]
[EventDate "2003.07.04"]
[EventType "swiss"]
[EventRounds "9"]
[EventCountry "RUS"]
[Source "Mark Crowther"]
[SourceDate "2003.08.18"]

1. e4 e6 2. d4 d5 3. Nc3 Bb4 4. e5 c5 5. a3 Ba5 6. b4 cxd4 7. Nb5 Bc7 8. f4 Ne7
9. Nf3 Bd7 10. Nxc7+ Qxc7 11. Bd3 a6 12. O-O Bb5 13. Nxd4 Bxd3 14. cxd3 O-O 15.
Be3 Nbc6 16. Nxc6 Qxc6 17. Bc5 Qd7 18. d4 Rab8 19. Rc1 Rfc8 20. Qd3 Ng6 21. g3
b6 22. Bd6 Rxc1 23. Rxc1 Rc8 24. Rc3 h5 25. h4 Rxc3 26. Qxc3 Qa4 27. Qd3 Qc6
28. Qxa6 Qc3 29. Kg2 Qxd4 30. Qc8+ Kh7 31. Qc2 Qe3 32. b5 d4 33. Bb4 d3 34. Qd1
Kg8 35. Qxh5 Qc1 36. f5 d2 0-1

[Event "RUS-Cup (1st stage)"]
[Site "Tomsk RUS"]
[Date "2003.07.10"]
[Round "7"]
[White "Sambuev, Bator"]
[Black "Akselrod, Vladislav"]
[Result "0-1"]
[WhiteElo "2496"]
[BlackElo "2437"]
[PlyCount "68"]
[EventDate "2003.07.04"]
[EventType "swiss"]
[EventRounds "9"]
[EventCountry "RUS"]
[Source "Mark Crowther"]
[SourceDate "2003.08.18"]

1. d4 d5 2. c4 c6 3. Nf3 e6 4. Qc2 Bd6 5. Nc3 Nf6 6. Bg5 Nbd7 7. e3 O-O 8. Bd3
h6 9. h4 dxc4 10. Bxc4 Qa5 11. O-O-O b5 12. Bb3 Bb7 13. e4 b4 14. e5 bxc3 15.
exf6 cxb2+ 16. Kb1 Nxf6 17. Bxf6 gxf6 18. Bxe6 fxe6 19. Qg6+ Kh8 20. Qxh6+ Kg8
21. Qg6+ Kh8 22. d5 cxd5 23. Qh5+ Kg7 24. Rd4 Rf7 25. Ng5 fxg5 26. hxg5 Kf8 27.
g6 Rc8 28. Qh6+ Ke7 29. gxf7 Rc1+ 30. Rxc1 bxc1=Q+ 31. Kxc1 Qe1+ 32. Kc2 Qxf2+
33. Rd2 Qf5+ 34. Kb2 Kxf7 0-1

[Event "RUS-Cup (1st stage)"]
[Site "Tomsk RUS"]
[Date "2003.07.11"]
[Round "8"]
[White "Lavrov, Maxim"]
[Black "Sambuev, Bator"]
[Result "1/2-1/2"]
[WhiteElo "2370"]
[BlackElo "2496"]
[PlyCount "97"]
[EventDate "2003.07.04"]
[EventType "swiss"]
[EventRounds "9"]
[EventCountry "RUS"]
[Source "Mark Crowther"]
[SourceDate "2003.08.18"]

1. e4 e6 2. d4 d5 3. e5 c5 4. c3 Nc6 5. Nf3 Qb6 6. a3 Nh6 7. b4 cxd4 8. cxd4
Nf5 9. Bb2 Be7 10. h4 a5 11. b5 a4 12. g4 Nh6 13. Rg1 Na5 14. Qxa4 Bd7 15. Nc3
O-O 16. Qd1 Rfc8 17. Na4 Qd8 18. Nc5 Nc4 19. Bxc4 dxc4 20. a4 Bxc5 21. dxc5
Rxc5 22. Qd4 Qc7 23. Qc3 Rd5 24. Nd2 Rc8 25. Rg3 Qd8 26. h5 Qg5 27. Ne4 Qf4 28.
Qf3 Qxf3 29. Rxf3 c3 30. Rxc3 Rxc3 31. Bxc3 Nxg4 32. Rd1 Nxe5 33. Rxd5 exd5 34.
Nc5 d4 35. Nxd7 Nxd7 36. Bxd4 b6 37. Kd2 g6 38. h6 f6 39. Kc3 Kf7 40. Bxb6 Nxb6
41. a5 Nd7 42. b6 Ke7 43. Kc4 Ne5+ 44. Kd5 Kd7 45. a6 Kc8 46. f4 Nf7 47. Ke6
Nd8+ 48. Kd6 Nf7+ 49. Kc6 1/2-1/2

[Event "Master Open"]
[Site "Voronezh RUS"]
[Date "2003.06.17"]
[Round "5"]
[White "Sambuev, Bator"]
[Black "Tjurin, Alexander"]
[Result "1-0"]
[WhiteElo "2484"]
[BlackElo "2332"]
[PlyCount "83"]
[EventDate "2003.06.12"]
[EventType "swiss"]
[EventRounds "9"]
[EventCountry "RUS"]
[Source "Mark Crowther"]
[SourceDate "2003.06.30"]

1. Nf3 Nf6 2. c4 g6 3. Nc3 Bg7 4. e4 d6 5. d4 O-O 6. Be2 c6 7. O-O a6 8. h3 b5
9. a3 bxc4 10. Bxc4 Nxe4 11. Nxe4 d5 12. Ned2 dxc4 13. Nxc4 Be6 14. Qc2 Bd5 15.
Nfe5 f6 16. Nd3 Nd7 17. Re1 e5 18. dxe5 fxe5 19. Ndxe5 Nxe5 20. Nxe5 Qh4 21.
Nd7 Rf7 22. Nb6 Bd4 23. Be3 Bxb6 24. Bxb6 Qg5 25. f4 Qxf4 26. Be3 Qg3 27. Qd2
Raf8 28. Re2 Bc4 29. Rf2 Rxf2 30. Bxf2 Qf4 31. Be3 Qf5 32. Bh6 Re8 33. Qc3 Qf7
34. Rd1 Bd5 35. Rf1 Qe7 36. b4 Qa7+ 37. Kh1 Qd7 38. Rf4 Qe7 39. Kh2 Rc8 40. h4
Re8 41. Qd4 Rb8 42. a4 1-0

[Event "Voronezh Master op"]
[Site "Voronezh RUS"]
[Date "2003.06.18"]
[Round "6"]
[White "Gubajdullin, Alexey"]
[Black "Sambuev, Bator"]
[Result "1-0"]
[WhiteElo "2357"]
[BlackElo "2484"]
[PlyCount "51"]
[EventDate "2003.06.12"]
[EventType "swiss"]
[EventRounds "9"]
[EventCountry "RUS"]
[Source "ChessBase"]
[SourceDate "2003.07.09"]

1. Nf3 d5 2. d4 c6 3. c4 e6 4. Nbd2 f5 5. g3 Nf6 6. Bg2 Bd6 7. O-O O-O 8. Qc2
Nbd7 9. b3 Ne4 10. Bb2 Qf6 11. Ne1 Qh6 12. Ndf3 f4 13. Nd3 fxg3 14. hxg3 Nxg3
15. fxg3 Bxg3 16. Qc1 Rf4 17. Bc3 e5 18. Nxf4 exf4 19. Be1 Bxe1 20. Qxe1 g5 21.
e3 g4 22. Qh4 Qg7 23. Nh2 f3 24. Nxg4 h5 25. Qxh5 fxg2 26. Rf7 1-0

[Event "Chigorin mem"]
[Site "St Petersburg RUS"]
[Date "2002.10.25"]
[Round "1"]
[White "Vaulin, Alexander"]
[Black "Sambuev, Bator"]
[Result "1-0"]
[WhiteElo "2549"]
[BlackElo "2441"]
[PlyCount "63"]
[EventDate "2002.10.25"]
[EventType "swiss"]
[EventRounds "9"]
[EventCountry "RUS"]
[Source "Mark Crowther"]
[SourceDate "2002.11.04"]

1. d4 d5 2. Nf3 c6 3. Bf4 Bf5 4. e3 Qb6 5. Qc1 Nf6 6. c4 Bxb1 7. Rxb1 e5 8.
Nxe5 g5 9. Bg3 Bb4+ 10. Kd1 Ne4 11. cxd5 O-O 12. Bd3 cxd5 13. Bxe4 dxe4 14. Qc4
Bd6 15. Ke2 Bxe5 16. dxe5 Qg6 17. Rhd1 h5 18. Rd6 Qf5 19. h3 h4 20. Rf6 Qh7 21.
Bh2 Nd7 22. Rd6 Rac8 23. Qa4 Nc5 24. Qd1 Nd3 25. Kf1 f6 26. Qg4 Rc2 27. exf6
Kh8 28. Kg1 Nxf2 29. Qe6 Qg6 30. Be5 Nd3 31. f7+ Nxe5 32. Qxe5+ 1-0

[Event "Chigorin mem"]
[Site "St Petersburg RUS"]
[Date "2002.10.26"]
[Round "2"]
[White "Sambuev, Bator"]
[Black "Ermolaev, Andrey"]
[Result "1-0"]
[WhiteElo "2441"]
[BlackElo "2354"]
[PlyCount "63"]
[EventDate "2002.10.25"]
[EventType "swiss"]
[EventRounds "9"]
[EventCountry "RUS"]
[Source "Mark Crowther"]
[SourceDate "2002.11.04"]

1. Nf3 d5 2. d4 Nf6 3. c4 c6 4. Nc3 e6 5. Bg5 h6 6. Bh4 dxc4 7. e4 g5 8. Bg3 b5
9. Be2 Bb7 10. h4 b4 11. Na4 Nxe4 12. Be5 Rg8 13. Qc2 c5 14. O-O-O g4 15. dxc5
Qa5 16. Nd2 Nxc5 17. Nxc5 Qxc5 18. Nxc4 Bd5 19. Ne3 Qxc2+ 20. Kxc2 Be4+ 21. Kb3
Be7 22. Rd4 f5 23. Rc1 a5 24. Bb5+ Kf7 25. Rc7 a4+ 26. Kc4 Kf8 27. Bd6 Rg7 28.
Rc8+ Kf7 29. Bxb8 Bb7 30. Rh8 Kg6 31. Be8+ Kf6 32. Rxh6+ 1-0

[Event "Chigorin mem"]
[Site "St Petersburg RUS"]
[Date "2002.10.27"]
[Round "3"]
[White "Hasangatin, Ramil"]
[Black "Sambuev, Bator"]
[Result "1/2-1/2"]
[WhiteElo "2524"]
[BlackElo "2441"]
[PlyCount "72"]
[EventDate "2002.10.25"]
[EventType "swiss"]
[EventRounds "9"]
[EventCountry "RUS"]
[Source "Mark Crowther"]
[SourceDate "2002.11.04"]

1. e4 e6 2. d3 c5 3. g3 Nc6 4. Nf3 g6 5. d4 cxd4 6. Nxd4 d5 7. Bb5 Nge7 8. exd5
Qxd5 9. O-O Bd7 10. Be3 O-O-O 11. Nc3 Qe5 12. Nf3 Qc7 13. Be2 Nf5 14. Bg5 Be7
15. Bxe7 Ncxe7 16. Bd3 Bc6 17. Qe2 h5 18. Nb5 Bxb5 19. Bxb5 h4 20. Qc4 Nd4 21.
Qxc7+ Kxc7 22. Nxd4 Rxd4 23. Rfd1 Rhd8 24. Rxd4 Rxd4 25. Be2 Rd2 26. Bd1 hxg3
27. hxg3 e5 28. Kf1 e4 29. Ke1 e3 30. fxe3 Rh2 31. e4 Nc6 32. a4 Rh1+ 33. Ke2
Nd4+ 34. Kd2 Nf3+ 35. Ke2 Nd4+ 36. Kd2 Nf3+ 1/2-1/2

[Event "Chigorin mem"]
[Site "St Petersburg RUS"]
[Date "2002.10.28"]
[Round "4"]
[White "Sambuev, Bator"]
[Black "Yandemirov, Valeri"]
[Result "1/2-1/2"]
[WhiteElo "2441"]
[BlackElo "2472"]
[PlyCount "36"]
[EventDate "2002.10.25"]
[EventType "swiss"]
[EventRounds "9"]
[EventCountry "RUS"]
[Source "Mark Crowther"]
[SourceDate "2002.11.04"]

1. Nf3 Nf6 2. c4 g6 3. b4 Bg7 4. Bb2 O-O 5. d4 d6 6. Nbd2 e5 7. dxe5 Ng4 8. Qb3
Nxe5 9. Nxe5 Bxe5 10. Rd1 a5 11. a3 axb4 12. axb4 Be6 13. e3 Nd7 14. Be2 b5 15.
O-O Qf6 16. Bxe5 Nxe5 17. Qc2 Nxc4 18. Nxc4 bxc4 1/2-1/2

[Event "Chigorin mem"]
[Site "St Petersburg RUS"]
[Date "2002.10.29"]
[Round "5"]
[White "Sivokho, Sergey"]
[Black "Sambuev, Bator"]
[Result "0-1"]
[WhiteElo "2503"]
[BlackElo "2441"]
[PlyCount "86"]
[EventDate "2002.10.25"]
[EventType "swiss"]
[EventRounds "9"]
[EventCountry "RUS"]
[Source "Mark Crowther"]
[SourceDate "2002.11.04"]

1. e4 e6 2. d4 d5 3. Nc3 Bb4 4. e5 c5 5. a3 Ba5 6. b4 cxd4 7. Nb5 Bc7 8. f4 Ne7
9. Nf3 Bd7 10. Nxc7+ Qxc7 11. Bd3 a6 12. a4 Nbc6 13. Bd2 a5 14. b5 Nb4 15. O-O
Nf5 16. Qe2 Qc5 17. Kh1 Rc8 18. Rfc1 O-O 19. Qf2 Ne3 20. h3 h6 21. Kh2 f6 22.
Qe2 Nc4 23. Be1 fxe5 24. fxe5 Ne3 25. Bd2 Nf5 26. Qe1 Be8 27. Bxb4 axb4 28.
Rab1 Bh5 29. g4 Ne3 30. Kg3 Rxf3+ 31. Kxf3 Rf8+ 32. Ke2 Nxg4 33. Qh4 Rf2+ 34.
Qxf2 Ne3+ 35. Qf3 Bxf3+ 36. Kxf3 Qf8+ 37. Ke2 Qf4 38. Rh1 Qxe5 39. Kf3 Qh5+ 40.
Kf2 e5 41. Rbg1 e4 42. Rg3 Qh4 43. Rhg1 Nf5 0-1

[Event "Chigorin mem"]
[Site "St Petersburg RUS"]
[Date "2002.10.31"]
[Round "6"]
[White "Sambuev, Bator"]
[Black "Kokarev, Dmitry"]
[Result "1-0"]
[WhiteElo "2441"]
[BlackElo "2510"]
[PlyCount "199"]
[EventDate "2002.10.25"]
[EventType "swiss"]
[EventRounds "9"]
[EventCountry "RUS"]
[Source "Mark Crowther"]
[SourceDate "2002.11.04"]

1. e4 c5 2. Nf3 d6 3. d4 cxd4 4. Nxd4 Nf6 5. Nc3 a6 6. Bg5 e6 7. f4 Qb6 8. Qd3
Qxb2 9. Rb1 Qa3 10. f5 Nc6 11. fxe6 fxe6 12. Nxc6 bxc6 13. Be2 Be7 14. O-O Qa5
15. Bxf6 gxf6 16. Bg4 Rg8 17. Bh3 Rg5 18. Ne2 Qc5+ 19. Kh1 a5 20. c4 Kf7 21.
Nd4 Rg6 22. a4 Bd8 23. Nxe6 Bxe6 24. Bxe6+ Kf8 25. Rf5 Qa7 26. Qxd6+ Be7 27.
Qxc6 Rb8 28. Rbf1 Qb6 29. Qxb6 Rxb6 30. Bd5 Rb4 31. e5 Kg7 32. g4 h6 33. h4 Bd8
34. g5 hxg5 35. hxg5 fxg5 36. Rf7+ Kh6 37. e6 Rg7 38. Rxg7 Kxg7 39. Rf7+ Kg6
40. e7 Bxe7 41. Rxe7 Rxa4 42. c5 Kf6 43. Rd7 Ra1+ 44. Kg2 Rc1 45. c6 a4 46. c7
a3 47. Rd6+ Ke7 48. Bc6 Kxd6 49. c8=Q Rxc6 50. Qf8+ Ke5 51. Qxa3 Rf6 52. Qe7+
Kf5 53. Qg7 Re6 54. Kf3 Rg6 55. Qd7+ Kf6 56. Kg4 Rg7 57. Qd6+ Kf7 58. Kf5 Kg8
59. Qe6+ Kh7 60. Kg4 Kh8 61. Qf5 Kg8 62. Kh5 Rf7 63. Qe6 Kg7 64. Kxg5 Kh8 65.
Qe5+ Kh7 66. Kh5 Rg7 67. Qf5+ Kg8 68. Kh6 Rf7 69. Qe6 Kf8 70. Qd6+ Ke8 71. Qd5
Rd7 72. Qc5 Kd8 73. Kg6 Rc7 74. Qb5 Kc8 75. Kf6 Rb7 76. Qa5 Kb8 77. Ke6 Ra7 78.
Qd8+ Kb7 79. Kd5 Ra6 80. Kc5 Rc6+ 81. Kb5 Rc7 82. Qd6 Ka8 83. Qd5+ Ka7 84. Ka5
Rb7 85. Qc5+ Kb8 86. Ka6 Rd7 87. Qe5+ Kc8 88. Kb6 Kd8 89. Kc6 Rf7 90. Qg5+ Ke8
91. Kd6 Kf8 92. Ke6 Rh7 93. Qf6+ Kg8 94. Qg6+ Rg7 95. Qe8+ Kh7 96. Kf6 Ra7 97.
Qh5+ Kg8 98. Qg4+ Kh8 99. Qh3+ Kg8 100. Qg3+ 1-0

[Event "Chigorin mem"]
[Site "St Petersburg RUS"]
[Date "2002.11.01"]
[Round "7"]
[White "Sambuev, Bator"]
[Black "Loginov, Valery"]
[Result "0-1"]
[WhiteElo "2441"]
[BlackElo "2532"]
[PlyCount "96"]
[EventDate "2002.10.25"]
[EventType "swiss"]
[EventRounds "9"]
[EventCountry "RUS"]
[Source "Mark Crowther"]
[SourceDate "2002.11.04"]

1. e4 c5 2. Nf3 d6 3. d4 cxd4 4. Nxd4 Nf6 5. Nc3 a6 6. Bg5 e6 7. f4 Qb6 8. Qd3
Nc6 9. O-O-O Bd7 10. Be2 Rc8 11. Nb3 Nb4 12. Qh3 Nxe4 13. Nxe4 Rxc2+ 14. Kb1
Rxe2 15. Qf3 Re3 16. Rxd6 Bxd6 17. Nxd6+ Qxd6 18. Qxe3 Bb5 19. a3 Qd3+ 20. Qxd3
Bxd3+ 21. Kc1 Nd5 22. Nc5 Bg6 23. Nxb7 O-O 24. Nd6 h6 25. f5 Bxf5 26. Nxf5 hxg5
27. Nd6 Rd8 28. Ne4 g4 29. Rd1 Rc8+ 30. Kb1 Rc4 31. Nd6 Rc6 32. Ne4 Kf8 33. Rd4
f5 34. Ng5 Ke7 35. h4 gxh3 36. gxh3 Kf6 37. h4 f4 38. b4 Kf5 39. Kb2 Nf6 40. a4
e5 41. b5 axb5 42. axb5 Rb6 43. Rb4 Nd5 44. Rb3 Nc7 45. Kc3 Rxb5 46. Ra3 Ne6
47. Nxe6 Kxe6 48. h5 Rd5 0-1

[Event "Chigorin mem"]
[Site "St Petersburg RUS"]
[Date "2002.11.03"]
[Round "9"]
[White "Sambuev, Bator"]
[Black "Kuporosov, Viktor"]
[Result "1-0"]
[WhiteElo "2441"]
[BlackElo "2467"]
[PlyCount "79"]
[EventDate "2002.10.25"]
[EventType "swiss"]
[EventRounds "9"]
[EventCountry "RUS"]
[Source "Mark Crowther"]
[SourceDate "2002.11.11"]

1. Nf3 Nf6 2. c4 c6 3. Nc3 d5 4. d4 dxc4 5. a4 Bg4 6. Ne5 Bh5 7. Nxc4 e6 8. Qb3
Na6 9. e4 Bb4 10. f3 Nxe4 11. fxe4 Qh4+ 12. g3 Qxe4+ 13. Kf2 Qxd4+ 14. Be3 Qf6+
15. Kg1 O-O 16. h3 Rfd8 17. Rh2 Qe7 18. Rf2 Bc5 19. Re1 Bd4 20. Bxd4 Rxd4 21.
Ne5 Nb4 22. Ne4 Rad8 23. Qe3 c5 24. g4 Bg6 25. Nxg6 hxg6 26. Ng5 Rf8 27. Nf3
Nd5 28. Qe5 f6 29. Qxe6+ Qxe6 30. Rxe6 Rxa4 31. b3 Ra1 32. Kh2 Nb6 33. Bd3 Ra3
34. Bxg6 Rxb3 35. Nh4 Nd5 36. Nf5 c4 37. Rd6 Ne3 38. Rd7 Nxf5 39. Bxf5 b5 40.
Re2 1-0

[Event "Moscow-ch 1/2 final"]
[Site "Moscow RUS"]
[Date "2002.??.??"]
[Round "1"]
[White "Sambuev, Bator"]
[Black "Dobrotin, Aleksandr"]
[Result "0-1"]
[WhiteElo "2380"]
[BlackElo "2164"]
[PlyCount "93"]
[EventDate "2002.03.??"]
[EventType "swiss"]
[EventRounds "11"]
[EventCountry "RUS"]
[Source "ChessBase"]
[SourceDate "2002.11.25"]

1. Nf3 Nf6 2. c4 c6 3. Nc3 d5 4. d4 dxc4 5. a4 Nd5 6. g3 g6 7. e4 Nxc3 8. bxc3
b5 9. Bg2 Bg7 10. Bg5 Bb7 11. Qb1 a6 12. O-O Nd7 13. Nd2 Nb6 14. a5 h6 15. Be3
Nd7 16. Nxc4 Qc7 17. Nd2 c5 18. f4 cxd4 19. Bxd4 Bxd4+ 20. cxd4 Qc3 21. Nb3 Nf6
22. d5 Qe3+ 23. Kh1 h5 24. Re1 Qa7 25. Qb2 h4 26. g4 h3 27. Bf3 Rh4 28. Rac1
Rc8 29. g5 Rxf4 30. gxf6 Rxc1 31. Rxc1 Qe3 32. Qc3 Rxf3 33. Qxe3 Rxe3 34. Nc5
Bc8 35. fxe7 Kxe7 36. Kg1 Re2 37. Nd3 Rg2+ 38. Kf1 Bg4 39. Nf2 Bd7 40. Rc7 Rxh2
41. e5 Kd8 42. Rb7 Rg2 43. Ne4 Rc2 44. Kg1 Bg4 45. Ng5 Kc8 46. Rxf7 Bf5 47.
Rf8+ 0-1

[Event "Moscow-ch 1/2 final"]
[Site "Moscow RUS"]
[Date "2002.??.??"]
[Round "3"]
[White "Sambuev, Bator"]
[Black "Stogov, Alexander"]
[Result "1-0"]
[WhiteElo "2380"]
[BlackElo "2156"]
[PlyCount "99"]
[EventDate "2002.03.??"]
[EventType "swiss"]
[EventRounds "11"]
[EventCountry "RUS"]
[Source "ChessBase"]
[SourceDate "2002.11.25"]

1. Nf3 d5 2. d4 Nf6 3. c4 c6 4. Nc3 dxc4 5. a4 Bf5 6. Ne5 Na6 7. f3 Nd7 8. Nxc4
e5 9. e4 exd4 10. exf5 dxc3 11. bxc3 Qe7+ 12. Be2 O-O-O 13. Qc2 Ne5 14. Nxe5
Qxe5 15. O-O Bc5+ 16. Kh1 Nc7 17. a5 Nd5 18. a6 b6 19. Bc4 f6 20. Bd2 Qc7 21.
Rae1 Rhe8 22. Bxd5 cxd5 23. Qd3 Qd7 24. g3 d4 25. c4 Rxe1 26. Rxe1 Re8 27. Re4
Qc6 28. Rxe8+ Qxe8 29. Kg2 Kd7 30. Bf4 Qe1 31. h4 Qc3 32. Qe4 Qxc4 33. Qb7+ Ke8
34. Qa8+ Kf7 35. Qxa7+ Be7 36. Qb7 h5 37. Kf2 Qc2+ 38. Ke1 Kf8 39. Qa8+ Kf7 40.
Qd5+ Kf8 41. Bd2 Qb1+ 42. Ke2 Qa1 43. Qa8+ Kf7 44. Qc8 Bc5 45. Qd7+ Kf8 46. a7
d3+ 47. Kxd3 Qa6+ 48. Kc2 Qa2+ 49. Kd1 Qa1+ 50. Bc1 1-0

[Event "Moscow-ch 1/2 final"]
[Site "Moscow RUS"]
[Date "2002.??.??"]
[Round "9"]
[White "Sambuev, Bator"]
[Black "Asanov, Timur"]
[Result "1-0"]
[WhiteElo "2380"]
[BlackElo "2339"]
[PlyCount "65"]
[EventDate "2002.03.??"]
[EventType "swiss"]
[EventRounds "11"]
[EventCountry "RUS"]
[Source "ChessBase"]
[SourceDate "2002.11.25"]

1. Nf3 d5 2. d4 c6 3. c4 Nf6 4. Nc3 e6 5. Bg5 h6 6. Bh4 dxc4 7. e4 g5 8. Bg3 b5
9. Be2 Bb7 10. h4 g4 11. Ne5 Rg8 12. Nxg4 Nbd7 13. Nxf6+ Nxf6 14. e5 Nd5 15.
Bh5 Qc7 16. Nxd5 cxd5 17. O-O O-O-O 18. Kh2 Kb8 19. f4 Bc8 20. Be1 Ka8 21. g4
b4 22. Qf3 Qe7 23. a3 bxa3 24. Rxa3 f5 25. gxf5 exf5 26. Ra5 Be6 27. b3 c3 28.
Qxc3 Rc8 29. Qd3 Rc1 30. Bf2 Qc7 31. Rxc1 Qxc1 32. Qa6 Qxf4+ 33. Kh3 1-0

[Event "Moscow-ch 1/2 final"]
[Site "Moscow RUS"]
[Date "2002.??.??"]
[Round "10"]
[White "Losev, Dmitry"]
[Black "Sambuev, Bator"]
[Result "1/2-1/2"]
[WhiteElo "2396"]
[BlackElo "2380"]
[PlyCount "128"]
[EventDate "2002.03.??"]
[EventType "swiss"]
[EventRounds "11"]
[EventCountry "RUS"]
[Source "ChessBase"]
[SourceDate "2002.11.25"]

1. e4 e6 2. d4 d5 3. Nd2 c5 4. exd5 exd5 5. Bb5+ Bd7 6. Qe2+ Be7 7. dxc5 Nf6 8.
Nb3 O-O 9. Be3 Re8 10. Nf3 a6 11. Bd3 Ba4 12. Nfd4 Nbd7 13. O-O Nxc5 14. Rfd1
Bf8 15. Qf3 Nce4 16. Nf5 Qc8 17. Bd4 Bd7 18. Ne3 Be6 19. Nd2 Qc6 20. c4 Nxd2
21. Rxd2 dxc4 22. Qxc6 bxc6 23. Bxc4 Rad8 24. Bc3 Rxd2 25. Bxd2 Ne4 26. Be1
Bxc4 27. Nxc4 Nd6 28. Nxd6 Bxd6 29. Rc1 Bf4 30. Rd1 Be5 31. b3 Bd4 32. Kf1 c5
33. f3 Kf8 34. Bf2 Bxf2 35. Kxf2 Ke7 36. Rd5 Rc8 37. Ke2 Ke6 38. Rg5 g6 39. Rg4
Rd8 40. Re4+ Kf6 41. Ra4 Rd6 42. Ra5 Rc6 43. Kd3 Ke6 44. Ra4 Kd5 45. h4 h5 46.
Rf4 f5 47. Ra4 Rd6 48. Ke3 Rb6 49. Kf4 Ke6 50. Kg5 Kf7 51. Rc4 Rb5 52. Rc2 a5
53. Rc4 Kg7 54. a4 Rxb3 55. Rxc5 Rb2 56. Rc7+ Kf8 57. Kxg6 Rxg2+ 58. Kxf5 Rg3
59. f4 Rg4 60. Ra7 Rxh4 61. Rxa5 Rg4 62. Ra7 Rg1 63. a5 h4 64. a6 h3 1/2-1/2

[Event "Moscow-ch 1/2 final"]
[Site "Moscow RUS"]
[Date "2002.??.??"]
[Round "11"]
[White "Gabrielian, Artur"]
[Black "Sambuev, Bator"]
[Result "1/2-1/2"]
[WhiteElo "2333"]
[BlackElo "2380"]
[PlyCount "34"]
[EventDate "2002.03.??"]
[EventType "swiss"]
[EventRounds "11"]
[EventCountry "RUS"]
[Source "ChessBase"]
[SourceDate "2002.11.25"]

1. d4 Nf6 2. g3 e6 3. Bg2 c5 4. Nf3 Nc6 5. O-O cxd4 6. Nxd4 Qb6 7. Nb3 d5 8.
N1d2 Be7 9. c4 O-O 10. cxd5 exd5 11. Nf3 Re8 12. h3 Bd6 13. Nbd4 Ne4 14. b3
Nxd4 15. Qxd4 Be7 16. Qd3 Bf5 17. Nd4 Bg6 1/2-1/2

[Event "Chigorin mem op"]
[Site "St Petersburg RUS"]
[Date "2001.10.26"]
[Round "1"]
[White "Sambuev, Bator"]
[Black "Ryzhov, Ivan"]
[Result "0-1"]
[WhiteElo "2458"]
[BlackElo "2245"]
[PlyCount "114"]
[EventDate "2001.10.26"]
[EventType "swiss"]
[EventRounds "9"]
[EventCountry "RUS"]
[Source "Mark Crowther"]
[SourceDate "2001.10.29"]

1. Nf3 d5 2. d4 c6 3. c4 Nf6 4. Nc3 e6 5. Bg5 h6 6. Bh4 dxc4 7. e4 g5 8. Bg3 b5
9. Be2 Bb7 10. h4 g4 11. Ne5 h5 12. O-O b4 13. Na4 Nxe4 14. Bxc4 Nd7 15. Qe2
Nxe5 16. Bxe5 Nf6 17. Nc5 Bxc5 18. dxc5 Rh6 19. g3 Nd5 20. Bd3 f6 21. Bd6 Kf7
22. Qd2 Rh8 23. f3 Qg8 24. f4 a5 25. Rae1 Ba6 26. Bxa6 Rxa6 27. Re4 f5 28. Re5
Qg6 29. Rfe1 Re8 30. Qe2 Raa8 31. Qc4 Qf6 32. a3 Qd8 33. Qc2 Qd7 34. Qa4 Ra7
35. Ra1 Rea8 36. Qc2 Rb7 37. Rae1 Re8 38. Rd1 Rb5 39. Ree1 Qb7 40. a4 b3 41.
Qd3 Rb4 42. Re5 Nf6 43. Re3 Nd5 44. Re5 Nf6 45. Re3 Ne4 46. Rde1 Rxa4 47. Qxb3
Qb4 48. Qxb4 Rxb4 49. Ra1 Rb5 50. Rea3 Ra8 51. b4 Rxb4 52. Rxa5 Rxa5 53. Rxa5
Nxg3 54. Ra7+ Kg6 55. Be5 Ne2+ 56. Kh2 Nxf4 57. Rc7 Re4 0-1